Barrios bahienses 25 : barrio grunbein /

Guardado en:
Autor Principal: Luciani, Adrián
Formato: Libro
Publicado: Bahía Blanca : La Nueva Provincia, 2004
Series:Bb Barrios Bahienses
Materias:
Etiquetas: Agregar Etiqueta
Sin Etiquetas, Sea el primero en etiquetar este registro!
LEADER 00733nam a22002175a 4500
001 CEM.cems011641
005 20080527114909.0
008 130507s2004##################000#0#####d
003 CEMS
082 0 4 |a F982.1 
100 1 |a Luciani, Adrián 
245 1 0 |a Barrios bahienses 25 :  |b barrio grunbein /  |c Coordinado Por Adrián Luciani. 
260 |a Bahía Blanca :  |b La Nueva Provincia,  |c 2004 
300 |a 8 p. 
490 0 |a Bb Barrios Bahienses 
505 0 |a Barrio Grunbein -- San Miguel -- Villa Gloria -- Del Polo -- Villa Elena -- Anchorena 
653 |a Bahía blanca 
653 |a Bahía blanca-barrios 
653 |a Barrios-bahía blanca 
653 |a Barrios bahienses 
859 |a CEMS  |b BIB. CEMS - 11 de abril  |h F982.1  |i 9-25  |p 2065.44  |t Ej.1